Top 100 Biggest Cities in Virginia - Statistics

General Stats
  • This quiz has been taken 2,182 times
    237 since last reset
  • The average score is 33 of 100
Answer Stats
# City Population % Correct
5 Norfolk 231,105
97%
4 Richmond 233,655
97%
1 Virginia Beach 454,808
97%
7 Alexandria 159,102
94%
6 Newport News 183,056
93%
3 Arlington 238,643
89%
2 Chesapeake 254,997
88%
10 Roanoke 97,912
84%
8 Hampton 137,596
83%
22 Charlottesville 44,767
81%
12 Lynchburg 80,301
80%
21 Blacksburg 44,826
77%
9 Suffolk 103,105
75%
16 Harrisonburg 51,164
70%
24 Manassas 43,616
68%
37 Fredericksburg 29,992
66%
11 Portsmouth 96,482
66%
84 Williamsburg 16,030
66%
42 Fairfax 26,340
65%
26 Danville 41,933
62%
30 Petersburg 34,058
61%
18 Leesburg 48,250
58%
41 Staunton 26,361
57%
38 Winchester 27,800
56%
82 Bristol 16,316
50%
15 Reston 63,226
48%
33 Springfield 31,339
48%
90 Falls Church 15,034
46%
80 Vienna 16,473
46%
40 Tysons 26,374
40%
77 Manassas Park 16,611
39%
48 Waynesboro 23,498
39%
43 Salem 25,908
38%
23 Woodbridge 44,668
38%
17 McLean 50,773
36%
45 Herndon 24,655
33%
93 Martinsville 13,834
32%
28 Mechanicsville 39,482
31%
74 Radford 17,273
30%
35 Sterling 30,337
30%
25 Annandale 43,363
29%
91 Front Royal 15,011
29%
13 Centreville 73,518
28%
46 Chantilly 24,301
28%
51 Christiansburg 23,348
28%
67 Colonial Heights 18,674
28%
63 Culpeper 20,062
28%
52 Hopewell 22,970
27%
14 Dale City 72,088
25%
73 Gainesville 17,287
23%
66 Franconia 18,943
22%
62 Lorton 20,072
22%
19 Tuckahoe 48,049
21%
85 Great Falls 15,953
19%
34 Short Pump 30,626
19%
68 Midlothian 18,320
18%
76 Bull Run 16,794
17%
60 Merrifield 20,488
17%
50 West Springfield 23,369
17%
29 Oakton 36,732
16%
36 West Falls Church 30,243
16%
49 Brambleton 23,486
15%
83 Glen Allen 16,187
15%
53 Lincolnia 22,922
15%
31 Fair Oaks 34,052
13%
32 South Riding 33,877
13%
81 Hybla Valley 16,319
11%
65 Sudley 19,008
11%
79 Wolf Trap 17,496
11%
69 Bon Air 18,022
10%
39 Cave Spring 26,755
10%
94 Huntington 13,749
10%
89 Stone Ridge 15,039
10%
44 Bailey's Crossroads 24,749
9%
72 Burke Centre 17,518
9%
78 Highland Springs 16,604
9%
54 Montclair 22,279
9%
57 Rose Hill 21,045
9%
88 East Highland Park 15,131
8%
87 Hollins 15,574
8%
20 Lake Ridge 46,162
8%
71 Laurel 17,769
8%
59 Woodlawn 20,859
8%
64 Franklin Farm 19,189
7%
70 Idylwood 17,954
7%
75 Kingstowne 16,825
7%
27 Linton Hall 41,754
7%
55 McNair 21,598
7%
95 Brandermill 13,730
6%
92 Broadlands 14,021
6%
86 Groveton 15,725
6%
96 Kings Park West 13,465
6%
56 Leesylvania 21,193
6%
98 Newington 13,223
6%
58 Meadowbrook 20,898
5%
100 Sugarland Run 12,956
5%
97 Timberlake 13,267
5%
47 Cherry Hill 23,683
4%
99 Newington Forest 12,957
4%
61 Buckhall 20,420
2%
No matching quizzes found
Score Distribution
Percent of People with Each Score
Percentile by Number Answered
Your Score History
You have not taken this quiz since the last reset